000 01177cam a22002654a 4500
999 _c28937
_d28937
001 13118239
005 20171018020119.0
008 030310s2004 njua 000 0 eng
010 _a 2003045991
020 _a0131115251
040 _aDLC
_cDLC
_dDLC
042 _apcc
050 0 0 _aLB2395.35
_b.S54 2004
100 1 _aSherfield, Robert M.
245 1 0 _aCase studies for the first year :
_ban odyssey into critical thinking and problem solving /
_cRobert M. Sherfield, Rhonda J. Montgomery, Patricia G. Moody.
260 _aUpper Saddle River, N.J. :
_bPearson/Prentice Hall,
_cc2004.
300 _av, 266 p. :
_bill. ;
_c23 cm.
650 0 _aCritical thinking
_xStudy and teaching (Higher)
_vCase studies.
650 0 _aCase method
_xStudy and teaching (Higher)
700 1 _aMontgomery, Rhonda J.
700 1 _aMoody, Patricia G.
906 _a7
_bcbc
_corignew
_d1
_eocip
_f20
_gy-gencatlg
942 _2lcc
_cBOOKS
_02